00438nam a2200157Ia 4500003000400000008004100004040001600045082001300061100001900074245007500093260003400168300000800202650002700210650001200237650003100249GCL140319s9999 xx 000 0 eng d aGCL / cGCL04a391bC F1 aCRAIK, JENNFER10aThe Face of Fashion: the Cuturel Studies in Fashion / cCRAIK, JENNFER a[S.N] : bROUTLEDGE ، c1993 a24904aCONSUME SOCIAL ASPECTS04aFASHION04aBODY, HUMAN SOCIAL ASPECTS